Dealing with flying rats (Record no. 85189)

MARC details
000 -LEADER
fixed length control field 01325cab a22002655a 4500
001 - CONTROL NUMBER
control field L160221
007 - PHYSICAL DESCRIPTION FIXED FIELD--GENERAL INFORMATION
fixed length control field ta
008 - FIXED-LENGTH DATA ELEMENTS--GENERAL INFORMATION
fixed length control field 190423e2019 xxk 000 0 eng d
035 ## - SYSTEM CONTROL NUMBER
System control number (Sirsi) u160221
041 0# - LANGUAGE CODE
Language code of text/sound track or separate title eng
100 1# - MAIN ENTRY--PERSONAL NAME
Personal author Parrett, Mike
245 00 - TITLE STATEMENT
Title Dealing with flying rats
Medium [electronic resource]
260 ## - PUBLICATION INFORMATION
Date 2019
490 ## - SERIES TITLE
Series statement RICS Property Journal
Volume October-November 2018, 46-47
520 ## - ABSTRACT
Abstract Offers advice to homeowners and building managers on how to deal with the problems of feral pigons "Columbia livia domestica". Identifies a range of health issues caused mainly by their droppings which become very dry in warm weather and particles becoming airborne which can caused the following conditoins to human beings including Psittacosis, Salmonella, Paratyphoid fever, Histoplasmosis, Candidiasis and Cryptococcosis. Lists a range of treatments the key one being reducing access to food sources and the use of birds of prey and using netting, spikes and gel to make surfaces slippery.
650 24 - KEYWORDS
Keywords PIGEONS
650 24 - KEYWORDS
Keywords PESTS
650 24 - KEYWORDS
Keywords VERMIN
651 #4 - SUBJECT ADDED ENTRY--GEOGRAPHIC NAME
Geographic name United Kingdom
651 #4 - SUBJECT ADDED ENTRY--GEOGRAPHIC NAME
Geographic name United Kingdom
690 ## - LOCAL SUBJECT ADDED ENTRY--TOPICAL TERM (OCLC, RLIN)
Topical term or geographic name as entry element Property management
9 (RLIN) 6262
856 40 - ONLINE RESOURCE
Uniform Resource Identifier https://issuu.com/ricsmodus/docs/property_journal_october-november_2/10
Public note Available free online via Issuu
942 ## - ADDED ENTRY ELEMENTS (KOHA)
Suppress in OPAC Do not suppress in OPAC
Source of classification or shelving scheme Dewey Decimal Classification
590 ## - LOCAL NOTE (RLIN)
Local note NTK
Holdings
Withdrawn status Lost status Source of classification or shelving scheme Damaged status Koha normalized classification for sorting Not for loan Home library Current library Shelving location Date acquired Total Checkouts Full call number Barcode Date last seen Copy number Price effective from Koha item type
    Dewey Decimal Classification   L_160221_000000000000000   London London Books 23/04/2019   L160221 160221-1001 06/08/2019 1 06/08/2019 Book
    Dewey Decimal Classification   ONLINE_PUBLICATION   Virtual Virtual Online 30/04/2019   ONLINE PUBLICATION 160221-2001 06/08/2019 1 06/08/2019 Journal article